01671 2200769 4500001002100000008004500021035002000066245003300086110001900119250001300138260002800151300002200179020001700201084001400218082000800232650001100240990001300251990001300264990001300277990001300290990001300303990001300316990001300329990001300342990001300355990001300368990001300381990001300394990001300407990001300420990001300433990001300446990001300459990001300472990001300485990001300498990001300511990001300524990001300537990001300550990001300563990001300576990001300589990001300602990001300615990001300628990001300641990001300654990001300667990001300680990001300693990001300706990001300719990001300732990001300745990001300758990001300771990001300784990001300797990001300810990001300823990001300836990001300849990001300862990001300875990001300888INLIS000000000000016 INGGRIS  a0010-0323000003 aBRIGHT AN ENGLISHcNUR ZAIDA aDapat dipinjam aTersedia aJAKARTAbERLANGGAc2022 a158c25 X 17,5 CM a25 X 17,5 CM a420 NUR b a420 aBAHASA aERL.8390 aERL.8391 aERL.8392 aERL.8393 aERL.8394 aERL.8395 aERL.8396 aERL.8397 aERL.8398 aERL.8399 aERL.8400 aERL.8401 aERL.8402 aERL.8403 aERL.8404 aERL.8405 aERL.8406 aERL.8407 aERL.8408 aERL.8409 aERL.8410 aERL.8411 aERL.8412 aERL.8413 aERL.8414 aERL.8415 aERL.8416 aERL.8417 aERL.8418 aERL.8419 aERL.8420 aERL.8421 aERL.8422 aERL.8423 aERL.8424 aERL.8425 aERL.8426 aERL.8427 aERL.8428 aERL.8429 aERL.8430 aERL.8431 aERL.8432 aERL.8433 aERL.8434 aERL.8435 aERL.8436 aERL.8437 aERL.8438 aERL.8439